| 000 | 00631nam a22002057a 4500 | ||
|---|---|---|---|
| 999 |
_c10076 _d10076 |
||
| 003 | AR-CdUCM | ||
| 008 | 190329b ||||| |||| 00| 0 spa d | ||
| 040 |
_aMUNICIPALIDAD PROVINCIAL DEL CUSCO _cBIBLIOTECA MUNICIPAL DEL CUSCO |
||
| 082 |
_aEP / 800 / _bS18 |
||
| 100 |
_aSalgari, Emilio _9800 |
||
| 245 | _aLos náufragos del Liguria / | ||
| 260 |
_aBarcelona : _bEditorial Molino, _c1959. |
||
| 300 |
_a171 páginas ; _bIlustraciones, _c19 cm. |
||
| 505 | _aContenido: Literatura sobre pitaras. | ||
| 650 |
_aNaufragio _926727 |
||
| 650 |
_aPiratas _926728 |
||
| 650 |
_aFicción _9184 |
||
| 942 |
_2ddc _cLIBROS |
||
| 945 | _adavv | ||